00298nam a2200133Ia 4500003000400000008004100004082001500045100001000060245004300070250000800113260002700121300000800148650000800156OSt191201s2005 xx 000 0 und d a658.4bICC aICFAI 0aCase Studies in Organizational Culture a1st aNew DelhibICFAIc2005 a356 aMBA